THE CHIPKO MOVEMENT: (Record no. 200999)

MARC details
000 -LEADER
fixed length control field 00626nam a22001937a 4500
005 - DATE AND TIME OF LATEST TRANSACTION
control field 20240402151426.0
010 ## - LCCN (DPL NO)
LC control number ENG-139408
020 ## - INTERNATIONAL STANDARD BOOK NUMBER
International Standard Book Number 9788178246482
Terms of availability 595.00
035 ## - SYSTEM CONTROL NUMBER
System control number EN-122940
037 ## - SOURCE OF ACQUISITION
Source of stock number/acquisition DBAD/PUB
082 ## - DEWEY DECIMAL CLASSIFICATION NUMBER
Classification number 333.7516095451
100 ## - MAIN ENTRY--PERSONAL NAME
Personal name PATHAK, SHEKHAR
245 ## - TITLE STATEMENT
Title THE CHIPKO MOVEMENT:
Remainder of title A PEOPLE'S HISTORY/
Statement of responsibility, etc SHEKHAR PATHAK
260 ## - PUBLICATION, DISTRIBUTION, ETC. (IMPRINT)
Place of publication, distribution, etc RANIKHET
Name of publisher, distributor, etc PERMANENT BLACK
Date of publication, distribution, etc 2021
270 ## - ADDRESS
Address HIMALAYANA, MALL ROAD, RANIKHET CANTT
Postal code 263645
City RANIKHET
300 ## - PHYSICAL DESCRIPTION
Extent 371p.
Other physical details Index
Dimensions 21CM (hbk)
700 ## - ADDED ENTRY--PERSONAL NAME
Personal name Edited by Chatterjee, Partha
9 (RLIN) 62422
942 ## - ADDED ENTRY ELEMENTS (KOHA)
Source of classification or shelving scheme Dewey Decimal Classification
Item type English Books
Call number suffix PAT
Classification part 333.7516095451
Holdings
Withdrawn status Lost status Not for loan Collection code Home library Current library Date acquired Source of acquisition Cost, normal purchase price Full call number Barcode Copy number Cost, replacement price Koha item type
      Non-fiction Bawana Bawana 22/02/2024 DBAD 595.00 PAT 333.7516095451 EN-122940 1 595.00 English Books

© Delhi Public Library
Hit Counter
free hit counter